| 000 | 01211nam a22002537a 4500 | ||
|---|---|---|---|
| 005 | 20081103144042.0 | ||
| 008 | 081103t xxu||||| |||| 00| 0 hin d | ||
| 010 | _aHIN-84614 | ||
| 020 |
_c150.00 _a8188632880 |
||
| 035 | _aHN-56960 | ||
| 037 | _bDBAD / PUB | ||
| 040 |
_aDPL _bHN |
||
| 082 | _a808.88 | ||
| 100 | _aभाटिया, सुदर्शन | ||
| 245 |
_aभारतीय संस्कृति के प्रहरी / _cसुदर्शन भाटिया |
||
| 246 |
_aBhaartiya Sanskriti ke prahari _bby Sudarshan Bhatia |
||
| 260 |
_aदिल्ली _bपुष्पांजलि प्रकाशन _c2008 |
||
| 270 |
_aएल-46, गली नं5, शिवाजी मार्ग, करतार नगर _bदिल्ली _e110053 |
||
| 300 |
_a128पृ _c22सेमी (सजिल्द) |
||
| 651 |
_aIndia _xCivilization |
||
| 651 |
_aभारत _xसभ्यता |
||
| 942 |
_2ddc _cHN _mभाटिया _h808.88 |
||
| 999 |
_c17440 _d17440 |
||